000 00960cam a22002413a 4500
001 23800
003 PGUSA
005 20140828083516.0
008 071210s2007||||xxu|||||s|||||000 | eng d
040 _aPGUSA
_beng
042 _adc
050 4 _aML
100 1 _aHughes, Rupert,
_d1872-1956
245 1 0 _aContemporary American Composers :
_bBeing a Study of the Music of This Country, Its Present Conditions and Its Future, with Critical Estimates and Biographies of the Principal Living Composers; and an Abundance of Portraits, Fac-simile Musical Autographs, and Compositions
_h[electronic resource] /
_cRupert Hughes
260 _bProject Gutenberg,
_c2007
506 _aPublic domain in the USA.
516 _aElectronic text
653 _aMusic -- United States -- History and criticism
653 _aComposers -- United States -- Biography
830 0 _aProject Gutenberg
_v23800
856 4 0 _uhttp://www.gutenberg.org/ebooks/23800
942 _cEB
999 _c253055
_d253055